Biblioteka Instytutu Północnego w Olsztynie

Widok standardowy Widok MARC

Pozycja Personal Name

Liczba rekordów, w których użyto hasła: 1

001 - Numer kontrolny

  • control field: 41018

003 - Identyfikator numeru kontrolnego

  • control field: NUKAT

005 - Data i czas ostatniej modyfikacji

  • control field: 20260430124417.0

008 - Dane kontrolne kodowane (40 znaków)

  • fixed length control field: 181026n||a|znnaabn |a aaa |c

010 ## - Numer kontrolny Biblioteki Kongresu

  • numer kontrolny LC: n 2018228404

024 7# - OTHER STANDARD IDENTIFIER

  • Standard number or code: 23150565632906250779
  • Source of number or code: viaf

024 7# - OTHER STANDARD IDENTIFIER

  • Standard number or code: Q112552607
  • Source of number or code: wikidata

040 ## - Instytucja sporządzająca rekord

  • inst. przygot. dane do rek. khw: GD U/MR
  • język haseł przedmiotowych/tezaurus: kaba
  • inst. wprow. rek. khw: GD U/MR

100 1# - Hasło - nazwa osobowa

  • nazwa osobowa w formie ujednoliconej: Szkwarek, Łukasz.

372 ## - Field of activity

  • Field: Historia.
  • Auth control #: http://nukat.edu.pl/aut/s 94205867
  • Source of term: kaba

374 ## - Occupation

  • Occupation: Historycy.
  • Auth control #: http://nukat.edu.pl/aut/s 94205772
  • Source of term: kaba

670 ## - Źródło informacji

  • źródło informacji: Kp. Władysław Stojak - pierwszy przewodniczący NSZZ "Solidarność" w Miastku : Prosty człowiek na trudne czasy / Łukasz Szkwarek // Progress : journal of young researchers. - Nr 2 (2017), strony 141-158.
  • gdzie znaleziono informację: Nota o autorze ; (doktorant Studiów Doktoranckich Historii, Historii Sztuki i Archeologii na UG)

670 ## - Źródło informacji

  • źródło informacji: BNPol online
Biblioteka Instytutu Północnego, ul. Partyzantów 87, 10-402 Olsztyn, email: biblioteka(at)ip.olsztyn.pl